Interdisciplinary curriculum (Record no. 14759)

MARC details
000 -LEADER
campo de control de longitud fija 00736nmm a2200253 a 4500
003 - IDENTIFICADOR DE NÚMERO DE CONTROL
campo de control AR-BaBNM
005 - FECHA Y HORA DE LA ÚLTIMA TRANSACCIÓN
campo de control 20251128210258.0
008 - DATOS DE LONGITUD FIJA--INFORMACIÓN GENERAL
campo de control de longitud fija 219019s1989 ||||||||||||||000 | spa||
020 ## - NÚMERO INTERNACIONAL ESTÁNDAR DEL LIBRO
Número Internacional Estándar del Libro 0-87120-165-8
040 ## - FUENTE DE CATALOGACIÓN
Centro/agencia transcriptor AR-BaBNM
245 10 - MENCIÓN DEL TÍTULO
Título Interdisciplinary curriculum
Resto del título design and implementation
260 ## - PUBLICACIÓN, DISTRIBUCIÓN, ETC.
Lugar de publicación, distribución, etc. Alexandria
Nombre del editor, distribuidor, etc. Association for Supervision and Curriculum Development
Fecha de publicación, distribución, etc. 1989
300 0# - DESCRIPCIÓN FÍSICA
Extensión 97 p.
Otros detalles físicos tablas
650 #4 - PUNTO DE ACCESO ADICIONAL DE MATERIA--TÉRMINO DE MATERIA
Término de materia o nombre geográfico como elemento de entrada CURRICULO
650 #4 - PUNTO DE ACCESO ADICIONAL DE MATERIA--TÉRMINO DE MATERIA
Término de materia o nombre geográfico como elemento de entrada INTERDISCIPLINARIEDAD
651 #4 - PUNTO DE ACCESO ADICIONAL DE MATERIA--NOMBRE GEOGRÁFICO
Nombre geográfico Estados Unidos
653 #0 - TÉRMINO DE INDIZACIÓN--NO CONTROLADO
Término no controlado DISENO CURRICULAR
653 #0 - TÉRMINO DE INDIZACIÓN--NO CONTROLADO
Término no controlado ORGANIZACION CURRICULAR
653 #0 - TÉRMINO DE INDIZACIÓN--NO CONTROLADO
Término no controlado INTEGRACION DE AREAS
653 #0 - TÉRMINO DE INDIZACIÓN--NO CONTROLADO
Término no controlado CONTENIDOS CURRICULARES
700 1# - ENTRADA AGREGADA--NOMBRE PERSONAL
Nombre de persona Jacobs, Heidi Hayes
Término indicativo de función/relación editor
942 ## - ELEMENTOS DE ENTRADA SECUNDARIOS (KOHA)
Tipo de ítem Koha Libros
998 ## - INFORMACIÓN DE CONTROL LOCAL (RLIN)
Iniciales del catalogador, CIN (RLIN) Raquel
Holdings
Estatus retirado Estado de pérdida Fuente de la clasificación o esquema de estantería Estado de daño Restricciones de uso No para préstamo Biblioteca de origen Biblioteca actual Fecha de adquisición Total de préstamos Signatura topográfica completa Código de barras Visto por última vez Precio de reemplazo Tipo de ítem Koha
    Clasificación Decimal Dewey   Acceso restringido No para préstamo Liberty Liberty 28/11/2025   371.214 JAC 119239 28/11/2025 28/11/2025 Libros